000 00391 a2200157 4500
999 _c41606
_d41606
003 OSt
005 20221006152021.0
008 221006b ||||| |||| 00| 0 eng d
020 _a 9789253093205
040 _coclc
082 _a615
_bWHO/F
245 _aFood handlers
260 _bFAO,
_c2016.
300 _a100 pages
942 _2ddc
_cBK
_h615
_iWHO/F
_k615
_mWHO/F